[Event "GER-chT Christmas U20"]
[Site "Playchess.com INT"]
[Date "2020.12.29"]
[Round "1.1"]
[White "Schindler, Tobias"]
[Black "Ruff, Korbinian"]
[Result "1-0"]
[WhiteElo "1998"]
[BlackElo "1469"]
[PlyCount "127"]
[EventDate "2020.12.29"]
[EventType "team-swiss (blitz)"]
[EventRounds "7"]
[EventCountry "GER"]
[SourceTitle "CBM 200 Extra"]
[Source "ChessBase"]
[SourceDate "2021.03.31"]
[SourceVersion "1"]
[SourceVersionDate "2021.03.31"]
[SourceQuality "1"]
[WhiteTeam "Kelheim"]
[BlackTeam "Aschheim/Feldkirchen/Kirchheim II"]
[WhiteTeamCountry "GER"]
[BlackTeamCountry "GER"]

1. c4 b5 2. cxb5 a6 3. bxa6 Bxa6 4. Nc3 d5 5. d4 Nf6 6. g3 e6 7. Bg2 c5 8. Nf3 Nc6 9. 0-0 Be7 10. Re1 0-0 11. b3 Qc7 12. dxc5 Bxc5 13. Bb2 Ng4 14. e3 Nge5 15. Na4 Ba7 16. Nxe5 Nxe5 17. Rc1 Qd6 18. Bf1 Bxf1 19. Rxf1 Rfc8 20. Qh5 Ng6 21. Qg4 f5 22. Qe2 Ne5 23. Kg2 Ng4 24. h3 Ne5 25. Qd2 Ng6 26. Ba1 Qd7 27. Rxc8+ Rxc8 28. Rc1 Rc6 29. Bb2 Qc7 30. Nc3 Qb7 31. Ne2 d4 32. Rxc6 Qxc6+ 33. Kh2 dxe3 34. fxe3 Bb8 35. Nf4 Nxf4 36. exf4 Ba7 37. Qc3 Qxc3 38. Bxc3 g6 39. Kg2 Kf7 40. Kf3 Ke7 41. b4 Kd6 42. a4 Kd5 43. Ke2 Kc4 44. Kd2 Bf2 45. b5 Bxg3 46. Be5 Bf2 47. Kc2 Kc5 48. Kc3 Kb6 49. Bd4+ Bxd4+ 50. Kxd4 Ka5 51. Ke5 Kb6 52. Kxe6 Kc7 53. Kf6 Kd8 54. Kg7 Ke7 55. Kxh7 Kf6 56. a5 g5 57. fxg5+ Kxg5 58. b6 f4 59. b7 f3 60. b8Q f2 61. Qf8 Kh4 62. Qxf2+ Kxh3 63. Qg1 Kh4 64. Kg7 1-0